Songs & Movies with the Same Title Quiz Stats

 Plays Quiz Updated Oct 25, 2018

     
Support Sporcle.
Go Orange.
Score 0/30 Timer 07:00
0 Plays Today
Singer/Band Answer % Correct
Roy OrbisonPretty Woman
79.8%
Lynyrd SkynyrdSweet Home Alabama
72.4%
Don McLeanAmerican Pie
70.3%
Black SabbathIron Man
53%
Ben E. KingStand By Me
51.1%
RihannaDisturbia
39.8%
Cyndi LauperGirls Just Want To Have Fun
34.8%
The CureBoys Don't Cry
32.9%
The PoliceRoxanne
28.9%
The TemptationsMy Girl
26.1%
EaglesDesperado
23.2%
Gary NumanCars
21.4%
Bill WithersLean on Me
21.2%
The Rolling StonesJumpin' Jack Flash
18.7%
Percy SledgeWhen A Man Loves A Woman
18.4%
Singer/Band Answer % Correct
The BeatlesCan't Buy Me Love
17%
The PoliceMessage in a Bottle
13.7%
Inner CircleBad Boys
11.8%
StyxBabe
11.8%
The CarsMy Best Friend's Girl
11.4%
Bobby VintonBlue Velvet
11%
Sheryl CrowLeaving Las Vegas
10.3%
Blues Traveler Hook
8.9%
David Bowie Starman
7.8%
The CureJust Like Heaven
7.6%
Gwen StefaniCrash
7.5%
The ChiffonsOne Fine Day
7.3%
Heat WaveBoogie Nights
6.2%
EaglesTequila Sunrise
5.4%
Billy JoelMy Life
3.2%

From the Vault

Who Beat Rafael Nadal?

by vikZ

Sports 60s
Spoiler Alert: It's not a long list.
Remove Ads.
Support Sporcle.
Get the best of Sporcle when you Go Orange. This ad-free experience offers more features, more stats, and more fun while also helping to support Sporcle. Thank you for becoming a member.

Show Comments

Extras

Top Quizzes Today


Score Distribution

Your Account Isn't Verified!

In order to create a playlist on Sporcle, you need to verify the email address you used during registration. Go to your Sporcle Settings to finish the process.

Report this User

Report this user for behavior that violates our Community Guidelines.

Details: